Monitoring the critically ill patient (Record no. 246564)
[ view plain ]
| 000 -LEADER | |
|---|---|
| fixed length control field | 02232nam a2200385 a 4500 |
| 082 04 - DEWEY DECIMAL CLASSIFICATION NUMBER | |
| Classification number | 616.02/8 |
| 100 1# - MAIN ENTRY--AUTHOR NAME | |
| Personal name | Jevon, Philip. |
| 245 10 - TITLE STATEMENT | |
| Title | Monitoring the critically ill patient |
| 250 ## - EDITION STATEMENT | |
| Edition statement | 3rd ed. |
| 260 ## - PUBLICATION, DISTRIBUTION, ETC. (IMPRINT) | |
| Place of publication | Chichester [England] : |
| Name of publisher | Wiley-Blackwell, |
| Year of publication | 2012. |
| 300 ## - PHYSICAL DESCRIPTION | |
| Number of Pages | xi, 359 p. : |
| Other physical details | ill. |
| 490 1# - SERIES STATEMENT | |
| Series statement | Essential clinical skills for nurses |
| 505 0# - FORMATTED CONTENTS NOTE | |
| Formatted contents note | Recognition & management of the deteriorating patient -- Assessment of the critically ill patient -- Monitoring respiratory function -- Monitoring cardiovascular function 1 : ECG monitoring -- Monitoring cardiovascular function 2 haemodynamic monitoring -- Monitoring neurological function -- Monitoring renal function -- Monitoring gastrointestinal function -- Monitoring hepatic function -- Monitoring endocrine function -- Monitoring nutritional status -- Monitoring temperature -- Monitoring pain -- Monitoring a patient receiving a blood transfusion -- Monitoring the patient with infection and related systemic inflammatory response -- Monitoring the critically ill, pregnant patient -- Monitoring the critically ill child -- Monitoring during transport -- Record keeping. |
| 650 #0 - SUBJECT ADDED ENTRY--TOPICAL TERM | |
| Topical Term | Patient monitoring. |
| Topical Term | Critically ill. |
| 700 1# - ADDED ENTRY--PERSONAL NAME | |
| Personal name | Ewens, Beverley. |
| Personal name | Pooni, J. S. |
| 856 40 - ELECTRONIC LOCATION AND ACCESS | |
| Uniform Resource Identifier | http://site.ebrary.com/lib/rucke/Doc?id=10542613 |
No items available.
